000 01064nam a22002657a 4500
001 84829
003 BD-RjUL
005 20250423113449.0
008 250417s2003 ii a|||| e||| 00| 0 eng d
020 _a812611522X (set)
020 _a 9788126115228
035 _a(BD-RjUL)84829
040 _aBD-RjUL
_beng
_cBD-RjUL
041 _aeng
082 _223
_a577.03
_bENC 2003
245 _aEncyclopaedia of ecology, environment and pollution :
_bdocuments and case studies /
_cedited by P. C. Sinha
260 _aNew Delhi :
_b ANMOL Publications,
_c2003
300 _a15 volumes ;
_c24 cm.
505 0 _av. 1. 1921-1959 v. 2. 1960-1971 v. 3. 1971-1972 v. 4. 1973-1975 v. 5. 1976-1980 v. 6. 1981-1985 v. 7. 1986-1988 v. 8. 1989-1990 v. 9. 1991-1992 v. 10. 1992 v. 11. 1992 v. 12. 1993-1995 v. 13. 1996-1997 v. 14. 1997-2002 v. 15. 2002
650 _aEcology
_915268
650 _a Environmental law, International
_915269
_zIndia
650 _aPollution
_xLaw and legislation
_zIndia.
_915274
700 _aSinha, P. C.
_915273
942 _2ddc
_cBK
999 _c84829
_d84829